| 000 | 00486nam a22001697a 4500 | ||
|---|---|---|---|
| 003 | CEME | ||
| 005 | 20210628205105.0 | ||
| 008 | 210224b xxu||||| |||| 00| 0 eng d | ||
| 020 | _a0-7923-9850-5 | ||
| 040 | _c. | ||
| 082 | _a621.3822 SCH'R | ||
| 100 |
_aSchuster, M Katsggelos, A. K _973827 |
||
| 245 | _aRate distortion based video compression optimal video frame compression and object boundary encoding | ||
| 260 |
_aBOSTON _bKLUWER _c1997 |
||
| 300 | _a288P | ||
| 942 |
_cBK _2ddc |
||
| 999 |
_c579469 _d579469 |
||